00577 2200217 4500001002100000005001500021008004100036020002200077035001900099041000700118082001300125090001900138100002200157700002300179245003100202250000600233260003300239300004200272500001100314650003400325INLIS00000000001315120241224114512241224||||||||| | ||| |||| || |  a978-979-756-782-8 0010-1224013151 aid0 a657.0285 a657.0285 LIS s0 aLilis Puspitawati0 aSri Dewi Anggadini00aSistem Informasi Akuntansi a1 aYogyakartabGraha Ilmuc2011 axii + 256 hlm, 1 jil. : 23 cm x 16 cm aJil. 1 0aakuntansi -- Sistem Informasi